<?xml version="1.0" encoding="UTF-8"?>
<marc:record xmlns:marc="http://www.loc.gov/MARC21/slim">
   <marc:leader>00000nam a2200000 a 4500</marc:leader>
   <marc:datafield ind1="1" ind2=" " tag="100">
      <marc:subfield code="a">Zschocke, Anne Katharina</marc:subfield>
      <marc:subfield code="4">aut</marc:subfield>
      <marc:subfield code="e">Verfasser/-in</marc:subfield>
   </marc:datafield>
   <marc:datafield ind1=" " ind2=" " tag="653">
      <marc:subfield code="a">EM-Technologie</marc:subfield>
   </marc:datafield>
   <marc:datafield ind1=" " ind2=" " tag="653">
      <marc:subfield code="a">Düngung</marc:subfield>
   </marc:datafield>
   <marc:datafield ind1=" " ind2=" " tag="653">
      <marc:subfield code="a">Düngemittel</marc:subfield>
   </marc:datafield>
   <marc:datafield ind1=" " ind2=" " tag="653">
      <marc:subfield code="a">Ratgeber</marc:subfield>
   </marc:datafield>
   <marc:datafield ind1="0" ind2="0" tag="245">
      <marc:subfield code="a">Die erstaunlichen Kräfte der Effektiven Mikroorganismen - EM</marc:subfield>
   </marc:datafield>
   <marc:datafield ind1="0" ind2="0" tag="245">
      <marc:subfield code="b">Gesundheit, Haushalt, Garten, Wasser</marc:subfield>
   </marc:datafield>
   <marc:datafield ind1="0" ind2="0" tag="245">
      <marc:subfield code="c">Anne Katharina Zschocke</marc:subfield>
   </marc:datafield>
   <marc:datafield ind1=" " ind2="1" tag="264">
      <marc:subfield code="a">München</marc:subfield>
      <marc:subfield code="b">Knaur</marc:subfield>
      <marc:subfield code="c">2011</marc:subfield>
   </marc:datafield>
   <marc:datafield ind1="1" ind2=" " tag="490">
      <marc:subfield code="a">Mens sana</marc:subfield>
   </marc:datafield>
   <marc:datafield ind1=" " ind2=" " tag="250">
      <marc:subfield code="a">1. Aufl.</marc:subfield>
   </marc:datafield>
   <marc:datafield ind1="1" ind2=" " tag="520">
      <marc:subfield code="a">Angaben aus der Verlagsmeldung

Die erstaunlichen Kräfte der Effektiven Mikroorganismen – EM : Gesundheit, Haushalt, Garten, Wasser / von Anne Katharina Zschocke

Das wegweisende Werk zu EM (Effektive Mikroorganismen)
Weltweit werden Effektive Mikroorganismen mittlerweile überall im Leben erfolgreich eingesetzt und auf vielfältige Weise genutzt. Die Autorin ist seit über zehn Jahren die renommierteste internationale Referentin, wenn es um EM geht.
Umfassend und kenntnisreich stellt sie nun erstmals in einem Buch sämtliche EM-Anwendungsweisen in den Bereichen Gesundheit bei Mensch und Tier, Haushalt, Garten und Wasser vor. Dabei beleuchtet sie auch kritisch unseren Umgang mit Bakterien und betrachtet selbst resistente Mikrobenstämme aus einem neuen, geradezu revolutionären Blickwinkel. Der Leser erhält umfangreiche Tipps und zahlreiche Beispiele zum Einsatz von EM und wird auf verständliche Weise auch mit den neuesten Erkenntnissen der Forschung vertraut gemacht.
</marc:subfield>
   </marc:datafield>
   <marc:datafield ind1=" " ind2=" " tag="020">
      <marc:subfield code="a">9783426656891</marc:subfield>
      <marc:subfield code="9">9783426656891</marc:subfield>
   </marc:datafield>
   <marc:datafield ind1=" " ind2=" " tag="041">
      <marc:subfield code="a">ger</marc:subfield>
   </marc:datafield>
   <marc:datafield ind1=" " ind2=" " tag="300">
      <marc:subfield code="a">287 S.</marc:subfield>
   </marc:datafield>
</marc:record>
